| 000 | 00505nam a2200193 a 4500 | ||
|---|---|---|---|
| 001 | 1765261930802 | ||
| 003 | ACL | ||
| 005 | 20251209120609.0 | ||
| 008 | 251209s2002##################000#0#eng## | ||
| 020 | _a9780444511669 | ||
| 082 | 0 | 4 |
_a631.8 _bMA |
| 100 | 1 |
_aMa, Jian Feng, _eauthor. |
|
| 245 | 1 | 0 | _aSoil, Fertilizer, and Plant Silicon Research in Japan : |
| 260 |
_bElsevier Science Limited, _c2002. |
||
| 300 | _a281 pages | ||
| 650 | 0 | _aGardening. | |
| 942 | _cENGLISH | ||
| 040 |
_aACL _beng _cACL |
||
| 999 |
_c601830 _d601830 |
||